000 00711nam a2200217Ii 4500
003 JO-AjNU
008 230605s9999||||xx |||||||||||||| ||und||
017 _a2005/1/149
040 _aJO-AjNU
_bara
_erda
_cJO-AjNU
041 _aara
050 1 4 _aPJ7860.A31.Z77 2005
100 3 _aتأليف الموجدة، إيمان موسى,
_eauthor
_949226
245 0 0 _aعبدالله رضوان شاعرا
250 _aط1
264 3 1 _aعمان:وزارة الثقافة،2005
300 _a303ص
336 _atext
_btxt
_2rdacontent
337 _aunmediated
_bn
_2rdamedia
338 _avolume
_bnc
_2rdacarrier
650 4 _aالشعر العربي - الشعراء العرب - تحليل ونقد 
_949227
999 _aA21608
_c25176
_d25176